| 000 | 00528nam a2200205Ia 4500 | ||
|---|---|---|---|
| 003 | OSt | ||
| 005 | 20230529094738.0 | ||
| 008 | 210423s1996 xx 000 0 und d | ||
| 040 | _cAL | ||
| 041 | _aeng | ||
| 082 |
_a030 GLAM _223 |
||
| 100 |
_aGLASSMAN (Bruce S) _9115248 |
||
| 245 | _aMacmillan visual almanac | ||
| 260 |
_aNew York _bMacmillan India Ltd _c1996 |
||
| 365 |
_b95 _cINR |
||
| 650 |
_aEncyclopedic Works _9115249 |
||
| 650 |
_aGeneral _9115250 |
||
| 906 | _aalmanac. ; Macmillan ; visual | ||
| 942 |
_2ddc _cBK |
||
| 999 |
_c173493 _d173493 |
||